000 00383nam a22001217a 4500
082 _a671.823 WAR'S
100 _aWORN, REUBEN HENRY
_958200
245 _aSHEET METAL WORKER INSTRUCTOR PRACTICAL RULES FOR DESCRIBING THE VARIOUS PATTERNS REQUIRED BY ZINC SHEET IRON COPPER AND TIN PLATE WORKER
250 _a7TH
260 _aLONDON
_bTECHNICAL
_c1946
300 _a224P
942 _cBK
999 _c568402
_d568402